000 00513nam a2200157Ia 4500
003 GCL
008 140319s9999 xx 000 0 ara d
040 _aGCL /
_cGCL
082 0 4 _aد
_b05
100 1 _aنعمات احمد فؤاد
245 1 0 _aالمرأة فى شعر البحترى (اقرا 233) /
_cنعمات احمد فؤاد
490 _aاقرأ
_v0
650 0 4 _aالبحترى، ابوعبادة الوليد بن عبيد، 821 - 897 م
650 0 4 _aالمرأة فى الادب
942 _2ddc
_cBK
999 _c48858
_d48858